Tìm hiểu nhu cầu tham vấn tâm lý của trẻ mồ côi tại các trung tâm nuôi dạy trẻ em khó khăn thành phố Cần Thơ : Báo cáo tổng kết đề tài nghiên cứu khoa học của sinh viên

Nghiên cứu vấn đề lý luận về nhu cầu và tham vấn tâm lý, tìm hiểu và phân tích nhu cầu tham vấn tâm lý của trẻ mồ côi tại các trung tâm nuôi dạy trẻ tại thành phố Cần Thơ.

Spremljeno u:
Bibliografski detalji
Glavni autor: Võ, Thị Duyên
Format: Knjiga
Jezik:Undetermined
Izdano: Cần Thơ Trường Đại học Cần Thơ 2018
Teme:
Oznake: Dodaj oznaku
Bez oznaka, Budi prvi tko označuje ovaj zapis!
Thư viện lưu trữ: Trung tâm Học liệu Trường Đại học Cần Thơ
LEADER 01231nam a2200229Ia 4500
001 CTU_229025
008 210402s9999 xx 000 0 und d
082 |a 305.23 
082 |b D527 
088 |a TSV2018-45 
100 |a Võ, Thị Duyên 
245 0 |a Tìm hiểu nhu cầu tham vấn tâm lý của trẻ mồ côi tại các trung tâm nuôi dạy trẻ em khó khăn thành phố Cần Thơ : 
245 0 |b Báo cáo tổng kết đề tài nghiên cứu khoa học của sinh viên 
245 0 |c Võ Thị Duyên (Chủ nhiệm đề tài) ; Huỳnh Thị Thanh Hường (Người hướng dẫn) 
260 |a Cần Thơ 
260 |b Trường Đại học Cần Thơ 
260 |c 2018 
520 |a Nghiên cứu vấn đề lý luận về nhu cầu và tham vấn tâm lý, tìm hiểu và phân tích nhu cầu tham vấn tâm lý của trẻ mồ côi tại các trung tâm nuôi dạy trẻ tại thành phố Cần Thơ. 
650 |a Children,Trẻ em 
650 |x Social conditions,Điều kiện xã hội 
910 |b nthai 
980 |a Trung tâm Học liệu Trường Đại học Cần Thơ